Т. 18 : Издания, вышедшие из печати в 1973 г.; Библиография изданий Академии наук СССР

Xehetasun bibliografikoak
Parent link:Библиография изданий Академии наук СССР: ежегодник/ Академия наук СССР, Библиотека АН СССР. Т. 18 : Издания, вышедшие из печати в 1973 г..— , 1957 -.
Beste egile batzuk: Васильева В. А. (составитель), Воронова М. В. (редактор), Купатадзе Т. М., Чуркина Л. А., Шигаева Ж. Г., Луппов С. П.
Hizkuntza:errusiera
Argitaratua: 1975
Gaiak:
Formatua: MixedMaterials Liburua
KOHA link:https://koha.lib.tpu.ru/cgi-bin/koha/opac-detail.pl?biblionumber=90947

MARC

LEADER 00000nam2a2200000 4500
001 90947
005 20231031103821.0
035 |a (RuTPU)RU\TPU\book\97518 
035 |a RU\TPU\book\97405 
090 |a 90947 
100 |a 20060217d1975 k y0rusy50 ca 
101 0 |a rus 
102 |a RU 
105 |a y a 001zy 
200 0 |a Т. 18 : Издания, вышедшие из печати в 1973 г.  |f сост. В. А. Васильева, М. В. Воронова, Т. М. Купатадзе, Л. А. Чуркина, Ж. Г. Шигаева; под ред. С. П. Луппова 
210 |d 1975 
215 |a 978 с. 
320 |a Указ. в конце кн.: с. 760 - 978. 
461 1 |0 (RuTPU)RU\TPU\book\97018  |t Библиография изданий Академии наук СССР  |o ежегодник  |f Академия наук СССР, Библиотека АН СССР  |v Т. 18 : Издания, вышедшие из печати в 1973 г.  |d 1957 -. 
610 1 |a Академия наук СССР 
610 1 |a научно-исследовательские работы 
610 1 |a библиографический учет 
610 1 |a библиографические указатели 
610 1 |a ежегодники 
686 |a Я175  |v LBC/SL-A  |2 rubbk 
702 1 |a Васильева  |b В. А.  |4 220 
702 1 |a Воронова  |b М. В.  |4 220 
702 1 |a Купатадзе  |b Т. М.  |4 220 
702 1 |a Чуркина  |b Л. А.  |4 220 
702 1 |a Шигаева  |b Ж. Г.  |4 220 
702 1 |a Луппов  |b С. П.  |4 340 
801 1 |a RU  |b 63413507  |c 20060209  |g PSBO 
801 2 |a RU  |b 63413507  |c 20111020  |g PSBO 
942 |c BK